000
00314nam a22001457a 4500
008
230414b ||||| |||| 00| 0 eng d
020
_a
9781556591952
041
_a
eng
080
_a
159.9
082
_a
159.9PIN
100
_a
25
101
_a
PSI
245
_a
POEMS OF THE MASTERS
_c
PINE .R
942
_2
udc
_c
BK
999
_c
59549
_d
59549